Rulers of Westeros (The Reach) - Statistics

General Stats
  • This quiz has been taken 57 times
  • The average score is 18 of 30
Answer Stats
Ruler % Correct
{Garth} III Gardener (the Great)
91%
{Garth} IX Gardener
91%
{Garth} V Gardener (Hammer of the Dornish)
91%
{Garth} VI Gardener (the Morningstar)
91%
{Garth} VII Gardener ((the) Goldenhand)
91%
{Garth} X Gardener (Greybeard)
91%
{Garth} XI Gardener (the Painter)
91%
{Garth} XII Gardener
91%
{Mern} II Gardener (the Mason)
66%
{Mern} III Gardener (the Madling)
66%
{Mern} IX Gardener
66%
{Mern} VI Gardener
66%
{Gwayne} Gardener
52%
{Gwayne} I Gardener (the Gallant)
52%
{Gwayne} III Gardener (the Fat)
52%
{Gwayne} IV Gardener (the Gods-fearing)
52%
{Gwayne} V Gardener
52%
{Gyles} I Gardener (the Woe)
50%
{Gyles} II Gardener
50%
{Gyles} III Gardener
50%
{Garland} II Gardener (the Bridegroom)
48%
{Garland} VI Gardener
48%
{John} II Gardener (the Tall)
48%
{Gareth} II Gardener (the Grim)
45%
{Garse} VII Gardener
45%
{Meryn} III Gardener
45%
{Gordan} I Gardener (Grey-Eyes)
43%
{Merle} I Gardener (the Meek)
43%
{Perceon} III Gardener
36%
{Greydon} Gardener
32%
No matching quizzes found
Score Distribution
Percent of People with Each Score
Percentile by Number Answered
Your Score History
You have not taken this quiz